| 000 | 00000cam 2200000zi 4500 |
| 001 | 9.951981 |
| 003 | CaOODSP |
| 005 | 20260206070113 |
| 006 | m o d f |
| 007 | cr mn||||||||| |
| 008 | 250605t20252025onc o f000 0 eng d |
| 020 | |a9780660777023 |
| 040 | |aCaOODSP|beng|erda|cCaOODSP |
| 041 | 0 |aeng|bfre |
| 043 | |an-cn--- |
| 086 | 1 |aCi4-226/2025E-PDF |
| 245 | 00|a2024-25 newcomer services campaign advertising campaign evaluation tool (ACET) : |bfinal report / |cprepared for Immigration, Refugees and Citizenship Canada. |
| 264 | 1|a[Ottawa] : |bImmigration, Refugees and Citizenship Canada = Immigration, réfugiés et citoyenneté Canada, |c2025. |
| 264 | 4|c©2025 |
| 300 | |a1 online resource (11 pages) + |eappendix (24 unnumbered pages) |
| 336 | |atext|btxt|2rdacontent |
| 337 | |acomputer|bc|2rdamedia |
| 338 | |aonline resource|bcr|2rdacarrier |
| 500 | |aThe publication file in PDF format was replaced on 05-02-2026 as requested by Immigration, Refugees and Citizenship Canada. |
| 500 | |aIssued also in French under title: Outil d’évaluation des campagnes publicitaires (OECP) de la campagne sur les services aux nouveaux arrivants 2024-25 : rapport final. |
| 500 | |a"Supplier name: Ipsos." |
| 500 | |a"Contract number: CW2382707." |
| 500 | |a"Delivery date: 2025-03-13." |
| 500 | |a"Registration number: POR 073-24." |
| 546 | |aText in English; Appendix 2 in English and French. |
| 650 | 0|aImmigrants|xServices for|zCanada|xPublic opinion. |
| 650 | 0|aRefugees|xServices for|zCanada|xPublic opinion. |
| 650 | 0|aGovernment advertising|zCanada|xPublic opinion. |
| 650 | 0|aAdvertising campaigns|zCanada|xPublic opinion. |
| 650 | 0|aPublic opinion|zCanada. |
| 650 | 0|aImmigrants|zCanada|xAttitudes. |
| 650 | 0|aRefugees|zCanada|xAttitudes. |
| 710 | 1 |aCanada. |bImmigration, Refugees and Citizenship Canada, |eissuing body. |
| 710 | 2 |aIpsos (Firm), |econsultant. |
| 775 | 08|tOutil d’évaluation des campagnes publicitaires (OECP) de la campagne sur les services aux nouveaux arrivants 2024-25 : |w(CaOODSP)9.951984 |
| 795 | |t2023-24 newcomer services campaign advertising campaign evaluation tool (ACET) : |w(CaOODSP)9.935969 |
| 856 | 40|qPDF|s283 KB|uhttps://publications.gc.ca/collections/collection_2025/ircc/Ci4-226-2025-eng.pdf|z(final report) |
| 856 | 40|qPDF|s743 KB|uhttps://publications.gc.ca/collections/collection_2025/ircc/Ci4-226-2025-1.pdf|z(appendix 2) |
| 856 | 4 |qHTML|sN/A|uhttps://epe.lac-bac.gc.ca/100/200/301/pwgsc-tpsgc/por-ef/immigration_refugees/2025/073-24-e/073-24-report.html|z(final report) |
| 856 | 4 |qHTML|sN/A|uhttps://epe.lac-bac.gc.ca/100/200/301/pwgsc-tpsgc/por-ef/immigration_refugees/2025/073-24-e/index.html|z(complete dataset) |